000 00878nam a2200265Ia 4500
003 OSt
005 20220930081134.0
006 a|||||r|||| 00| 0
007 ta
008 220926b |||||||| |||| 00| 0 hin d
024 _a102488
037 _cTheses
040 _aCRL
_cCRL
_bhin
041 _2hin
_ahin
100 _aSingh Ranjeet Kumar
_9540670
110 _aUniversity of Delhi. Faculty of Music and Fine Arts. Department of Music
_9520437
245 0 _aSufiyon ke chishitya sampradayey mein sangeet ka isthan
_b Bharatiya paripekshyey mein ek adhyayan
260 _c2009
300 _a298
_ap.
_ccm.
650 _aMUSIC
_917402
700 _a Dr. Rajiv Verma Gu.
_9536616
700 _aUniversity of Delhi. Faculty of Music and Fine Arts. Department of Music
_9520438
942 _cDIS
_2CC
999 _c870983
_d870983